[Event "Wuerttemberg-chT Rapid"]
[Site "Boeblingen"]
[Date "2024.04.13"]
[Round "8.11"]
[White "Degenhard, Simon"]
[Black "Schraegle, Thorsten"]
[Result "1-0"]
[WhiteElo "2204"]
[BlackElo "1918"]
[PlyCount "87"]
[EventDate "2024.04.13"]
[EventType "team-tourn"]
[EventRounds "9"]
[EventCountry "GER"]
[SourceTitle "CB17_2024"]
[SourceDate "2024.04.24"]
[SourceVersion "1"]
[SourceVersionDate "2024.04.24"]
[SourceQuality "1"]

1. d4 Nf6 2. Nc3 d5 3. Bf4 a6 4. e3 e6 5. Nf3 c5 6. Bd3 b5 7. dxc5 Bxc5 8. e4 Bb7 9. exd5 Nxd5 10. Nxd5 Qxd5 11. 0-0 Nc6 12. Re1 0-0 13. Bxh7+ Kxh7 14. Ng5+ Kg8 15. Qh5 Qf5 16. g4 Bxf2+ 17. Kf1 Qg6 18. Kxf2 e5 19. Bxe5 Nxe5 20. Rxe5 Qxc2+ 21. Re2 Qg6 22. Qxg6 fxg6+ 23. Kg3 Rad8 24. Rae1 Rd3+ 25. Re3 Rd5 26. Re7 Bc8 27. R1e5 Rd4 28. Re4 Rd2 29. Re2 Rxe2 30. Rxe2 Rd8 31. h3 Bb7 32. Re7 Bd5 33. Ra7 Bxa2 34. Rxa6 Bf7 35. Rb6 Bc4 36. Rxg6 Rd3+ 37. Kf4 Rb3 38. Rb6 Kf8 39. Ne4 Rxb2 40. Nd6 Rd2 41. Nxb5 Rb2 42. Rb8+ Ke7 43. Rb7+ Kf6 44. Nd6 1-0

[Event "GER-chT U12"]
[Site "Verden"]
[Date "2012.12.29"]
[Round "5.4"]
[White "Koll, Linus"]
[Black "Schraegle, Thorsten"]
[Result "1-0"]
[WhiteElo "1197"]
[BlackElo "1155"]
[PlyCount "43"]
[EventDate "2012.12.27"]
[EventType "team-swiss"]
[EventRounds "7"]
[EventCountry "GER"]
[SourceTitle "EXT 2014"]
[Source "ChessBase"]
[SourceDate "2013.11.20"]
[SourceVersion "1"]
[SourceVersionDate "2013.11.20"]
[SourceQuality "1"]
[WhiteTeam "Karlsruhe 1853"]
[BlackTeam "Spaichingen"]
[WhiteTeamCountry "GER"]
[BlackTeamCountry "GER"]

1. e4 e5 2. Nf3 Nc6 3. Bc4 Bc5 4. Nc3 d6 5. h3 Be6 6. Bb3 Nf6 7. d3 h6 8. Be3 Bb6 9. 0-0 Qd7 10. Nh2 0-0-0 11. Ne2 Rhe8 12. Bxb6 axb6 13. Ng3 d5 14. exd5 Nxd5 15. Qd2 g5 16. Rae1 Rg8 17. Ne4 Nd4 18. Bxd5 Bxd5 19. Nf6 Qc6 20. Nxg8 Bxg2 21. Ne7+ Kb8 22. Nxc6+ 1-0